000 01453nam0a2200241 4500
001 RU\NLR\BIBL_A\022436691
005 20250627130944.0
035 _a(NLR Aleph) 022436691
090 _a13348801
_c13348801
100 _a20250127d1913 |||y0rusy50 ca
101 0 _arus
102 _aRU
200 1 _aКарта Дальнего Востока
_bКарты
_dАлфавитный указатель географических имен, помещенных на карте
210 _aС.-Петербург [Санкт-Петербург]
_d1913
_gтипография В. Д. Смирнова
215 _a1 т. (71 с.)
320 _aБиблиогр.: с. 10-15
488 0 _1001RU\NLR\BIBL_A\022436689
_12001#$aКарта Дальнего Востока$bКарты$fсоставил Л. Бородовский
_1210##$aСанкт-Петербург$cКартографическое заведение А. Ильина$d1904
_913348799
_cСанкт-Петербург
_d1904
_eИздание второе
_fсоставил Л. Бородовский
_nКартографическое заведение А. Ильина
_p1 к
_tКарта Дальнего Востока: Карты
607 _aДальний Восток
_jУказатели
_9992118
_3RU\NLR\AUTH\6657036
701 1 _aБородовский
_bЛ. И.
_f1870-1906
_gЛеонид Иванович
852 _aNLR
_bК
_jАлф/21
_m18573
942 _cMAP
980 _aNB